Costa Rica: deuda externa y soberanía /
El libro se centra en las relaciones entre el Estado costarricense y los organismos financieros internacionales a lo largo de los años 1978 – 1989, así como en identificar los actores nacionales y externos que desempeñaron un papel descollante en la modalidad como se concretaron finalmente dichas re...
সংরক্ষণ করুন:
| প্রধান লেখক: | |
|---|---|
| বিন্যাস: | অজ্ঞাত |
| ভাষা: | Spanish |
| প্রকাশিত: |
Costa Rica :
Editorial Porvenir
|
| মালা: | Colección Debate
|
| বিষয়গুলি: | |
| ট্যাগগুলো: |
ট্যাগ যুক্ত করুন
কোনো ট্যাগ নেই, প্রথমজন হিসাবে ট্যাগ করুন!
|
MARC
| LEADER | 00000 a2200000 04500 | ||
|---|---|---|---|
| 001 | 47978 | ||
| 003 | cru CIDCACS/IIS | ||
| 005 | 20220713062547.0 | ||
| 008 | 050614s1992 cr spa d | ||
| 999 | |c 3990 |d 3990 | ||
| 020 | |a 9977-944-55-5 | ||
| 040 | |c CRAI/IIS |a CRAI/IIS | ||
| 090 | |a 11.03.01 S173c | ||
| 100 | |a Salom Echeverría, Roberto |e Autor | ||
| 245 | |a Costa Rica: |b deuda externa y soberanía / |c Roberto Salom Echeverría | ||
| 260 | |a Costa Rica : |b Editorial Porvenir | ||
| 300 | |a 146 páginas | ||
| 440 | |a Colección Debate | ||
| 500 | |a El documento con código de barras 19686 corresponde a la Colección Alforja | ||
| 520 | |a El libro se centra en las relaciones entre el Estado costarricense y los organismos financieros internacionales a lo largo de los años 1978 – 1989, así como en identificar los actores nacionales y externos que desempeñaron un papel descollante en la modalidad como se concretaron finalmente dichas relaciones. El marco teórico que soporta la reflexión se basa en las categorías de Estado, Soberanía y Alternativas de desarrollo; se aborda la cuestión de fondo de si con lo que contamos es con una soberanía estendida en un sentido estricto, o bien una soberanía tutelada o restringida, los factores de ello y sus consecuencias. El libro cuenta con cuatro capítulos, en el primero se analizan los antecedentes del período de gobierno de Luis Alberto Monge 1978 - 1982; en el segundo refiere a la transición entre el gobierno de Rodrigo Carazo y Monge, con lo que se busca determinar en qué medida en este período se articula una estrategia propia de gobierno con respecto a las relaciones con los organismos financieros, en el contexto de la crisis de la deuda externa y del conflicto centroamericano; el tercero expone las consecuencias de los acuerdos realizados con el Fondo Monetario Internacional y la posterior restricción del margen de decisión autónoma; por último, en el cuarto expone la evolución de la correlación de fuerzas internas al calor de las relaciones con los organismos financieros. KDV/300817 | ||
| 650 | 1 | 0 | |9 243 |a ESTADO |
| 650 | 1 | 0 | |a SOBERANIA |9 2160 |
| 650 | 4 | |9 2661 |a FMI | |
| 650 | 4 | |9 1839 |a DEUDA EXTERNA | |
| 650 | 0 | |9 5349 |a FINANCIAMIENTO | |
| 650 | 4 | |9 2644 |a INDEPENDENCIA | |
| 650 | 0 | |9 3741 |a ORGANIZACIONES INTERNACIONALES | |
| 650 | 1 | 0 | |9 71 |a DESARROLLO ECONOMICO Y SOCIAL |
| 650 | 0 | |a CONFLICTOS ECONOMICOS |9 5413 | |
| 651 | 1 | 0 | |9 32 |a COSTA RICA |
| 942 | |2 ddc |c LI | ||



